000 00415nam a2200157Ia 4500
003 GCL
008 140319s9999 xx 000 0 eng d
040 _aGCL /
_cGCL
082 0 4 _a150.287
_bA P
100 1 _aAIRKEN, LEWIS
245 1 0 _aPSYCHOLOGICAL TESTING AND ASSESSMENT /
_cAIRKEN, LEWIS
260 _a[S.N] :
_bALLYN AND BACON ،
_c1994
300 _a1994
650 0 4 _aPSYCHOLOGICAL TESTS
942 _2ddc
_cBK
999 _c12151
_d12151